[Event "Fredericia Chess IM 2018"]
[Site "Fredericia"]
[Date "2018.05.09"]
[Round "1.1"]
[White "Sylvan, Jacob"]
[Black "Nagy, Gabor"]
[Result "1/2-1/2"]
[WhiteElo "2334"]
[BlackElo "2478"]
[PlyCount "43"]
[EventDate "2018.05.09"]
[EventType "tourn"]
[EventRounds "9"]
[EventCountry "DEN"]

1. e4 c5 2. Nf3 e6 3. d4 cxd4 4. Nxd4 Nc6 5. Nc3 Qc7 6. Be3 Nf6 7. Qf3 a6 8.
O-O-O Rb8 9. Be2 Bb4 10. Nxc6 bxc6 11. Bd4 Bd6 12. Qd3 Bf4+ 13. Be3 O-O 14. g3
Be5 15. Bd4 Bxd4 16. Qxd4 d5 17. Qe3 e5 18. exd5 cxd5 19. Nxd5 Nxd5 20. Rxd5
Bf5 21. c4 Be6 22. Rd2 1/2-1/2

[Event "Fredericia Chess IM 2018"]
[Site "Fredericia"]
[Date "2018.05.09"]
[Round "1.2"]
[White "Olsen, Filip Boe"]
[Black "Bruedigam, Martin"]
[Result "1/2-1/2"]
[WhiteElo "2312"]
[BlackElo "2404"]
[PlyCount "32"]
[EventDate "2018.05.09"]
[EventType "tourn"]
[EventRounds "9"]
[EventCountry "DEN"]

1. d4 Nf6 2. c4 e6 3. Nc3 Bb4 4. Qc2 d6 5. Nf3 O-O 6. e3 Nc6 7. Bd2 e5 8. dxe5
dxe5 9. a3 Bxc3 10. Bxc3 Re8 11. Be2 a5 12. O-O Qe7 13. h3 a4 14. Rad1 Nd7 15.
Rd5 f6 16. Nh4 Nb6 1/2-1/2

[Event "Fredericia Chess IM 2018"]
[Site "Fredericia"]
[Date "2018.05.09"]
[Round "1.3"]
[White "Miedema, David"]
[Black "Heimisson, Hilmir Freyr"]
[Result "1-0"]
[WhiteElo "2380"]
[BlackElo "2132"]
[PlyCount "93"]
[EventDate "2018.05.09"]
[EventType "tourn"]
[EventRounds "9"]
[EventCountry "DEN"]

1. d4 Nf6 2. c4 e6 3. Nf3 d5 4. Nc3 Bb4 5. Bg5 dxc4 6. e4 c5 7. Bxc4 cxd4 8.
Nxd4 Bxc3+ 9. bxc3 Qa5 10. Bxf6 Qxc3+ 11. Kf1 gxf6 12. Rc1 Qb4 13. Bxe6 Nc6 14.
Nxc6 bxc6 15. Qb3 Qxb3 16. Bxb3 Ba6+ 17. Ke1 Rc8 18. Rc5 Rc7 19. Kd2 Ke7 20.
Rhc1 Rd8+ 21. Bd5 Rcd7 22. Rxc6 Bb7 23. Rc7 Bxd5 24. exd5 Kd6 25. Rxd7+ Rxd7
26. Ke3 Kxd5 27. Rd1+ Ke6 28. Rxd7 Kxd7 29. Kf4 Ke6 30. Kg4 Ke5 31. Kh5 Kd4 32.
Kh6 a5 33. Kxh7 a4 34. Kg7 a3 35. h4 Kc3 36. h5 Kb2 37. h6 Kxa2 38. h7 Kb3 39.
h8=Q a2 40. Qb8+ Kc2 41. Qc7+ Kb1 42. Qb6+ Kc2 43. Qa5 Kb1 44. Qb4+ Kc2 45. Qa3
Kb1 46. Qb3+ Ka1 47. Qc2 1-0

[Event "Fredericia Chess IM 2018"]
[Site "Fredericia"]
[Date "2018.05.09"]
[Round "1.4"]
[White "Light, Bjarne"]
[Black "Madsen, Michael B"]
[Result "0-1"]
[WhiteElo "2212"]
[BlackElo "2123"]
[PlyCount "66"]
[EventDate "2018.05.09"]
[EventType "tourn"]
[EventRounds "9"]
[EventCountry "DEN"]

1. d4 Nf6 2. Nf3 d5 3. Bf4 c5 4. e3 Nc6 5. c3 Qb6 6. Qb3 c4 7. Qc2 g6 8. Nbd2
Bf5 9. Qc1 Bg7 10. h3 O-O 11. g4 Bd3 12. Bxd3 cxd3 13. O-O Ne4 14. Qb1 Qa6 15.
Nxe4 dxe4 16. Ng5 f5 17. gxf5 gxf5 18. Qd1 Na5 19. d5 e5 20. Bg3 Qg6 21. Ne6 f4
22. Nxf8 Rxf8 23. Kh2 fxg3+ 24. fxg3 Rxf1 25. Qxf1 Nc4 26. Qd1 Nxb2 27. Qe1 Nc4
28. Rb1 Qf7 29. Rb4 d2 30. Qe2 d1=Q 31. Qxd1 Qf2+ 32. Kh1 Nxe3 33. Qg1 Qf3+ 0-1

[Event "Fredericia Chess IM 2018"]
[Site "Fredericia"]
[Date "2018.05.09"]
[Round "1.5"]
[White "Nielsen, Viktor Haarmark"]
[Black "Fries Nielsen, Jens Ove"]
[Result "1/2-1/2"]
[WhiteElo "2340"]
[BlackElo "2375"]
[PlyCount "50"]
[EventDate "2018.05.09"]
[EventType "tourn"]
[EventRounds "9"]
[EventCountry "DEN"]

1. e4 Na6 2. d4 c6 3. c3 Nc7 4. Bd3 d5 5. Nd2 g6 6. Ngf3 Bg7 7. O-O Nh6 8. Qe2
O-O 9. a4 f6 10. h3 Nf7 11. Re1 e5 12. dxe5 fxe5 13. Nf1 Ne6 14. Rd1 Qf6 15.
Bc2 dxe4 16. Bxe4 Nf4 17. Bxf4 exf4 18. a5 a6 19. Qc2 Nd6 20. Bd3 Kh8 21. N1d2
Be6 22. Ne4 Nxe4 23. Bxe4 Rae8 24. Re1 Bc8 25. Rad1 Re7 1/2-1/2

[Event "Fredericia Chess IM 2018"]
[Site "Fredericia"]
[Date "2018.05.10"]
[Round "2.1"]
[White "Bruedigam, Martin"]
[Black "Miedema, David"]
[Result "1/2-1/2"]
[WhiteElo "2404"]
[BlackElo "2380"]
[PlyCount "108"]
[EventDate "2018.05.09"]
[EventType "tourn"]
[EventRounds "9"]
[EventCountry "DEN"]

1. e4 e5 2. Nf3 Nf6 3. Nxe5 Nxe4 4. Qe2 Qe7 5. Qxe4 d6 6. d4 dxe5 7. dxe5 Nc6
8. Nc3 Qxe5 9. Qxe5+ Nxe5 10. Nb5 Bb4+ 11. c3 Ba5 12. Bf4 f6 13. O-O-O Bb6 14.
Bxe5 fxe5 15. Bc4 Bd7 16. Rhe1 O-O-O 17. f3 Rhe8 18. Na3 Bf5 19. Rxd8+ Kxd8 20.
Bd5 c6 21. Be4 g6 22. Nc4 Bc7 23. Nd2 Be6 24. Kc2 Re7 25. b3 h5 26. h3 h4 27.
Bd3 Bf5 28. Nc4 Kd7 29. Be4 Ke6 30. Ne3 Kf6 31. Kd2 Be6 32. Ng4+ Kg5 33. Ke2 a5
34. Nf2 Kf4 35. Kf1 Bf5 36. Nd3+ Kg3 37. c4 Rd7 38. Re3 Kh2 39. c5 Bxe4 40.
fxe4 Rf7+ 41. Ke2 Kxg2 42. Ne1+ Kh1 43. Nf3 Rd7 44. Kf2 Rd1 45. Re2 Rc1 46. Rd2
Bb8 47. Ke3 Rc3+ 48. Kf2 Rc1 49. a3 Ba7 50. b4 Rb1 51. Ke3 Rb3+ 52. Kf2 Rb1 53.
Ke3 Rb3+ 54. Kf2 Rb1 1/2-1/2

[Event "Fredericia Chess IM 2018"]
[Site "Fredericia"]
[Date "2018.05.10"]
[Round "2.2"]
[White "Madsen, Michael B"]
[Black "Nielsen, Viktor Haarmark"]
[Result "1/2-1/2"]
[WhiteElo "2123"]
[BlackElo "2340"]
[PlyCount "124"]
[EventDate "2018.05.09"]
[EventType "tourn"]
[EventRounds "9"]
[EventCountry "DEN"]

1. d4 Nf6 2. c4 e6 3. Nc3 Bb4 4. e3 c5 5. Bd3 O-O 6. Nge2 cxd4 7. exd4 d5 8. a3
Bxc3+ 9. bxc3 dxc4 10. Bxc4 b6 11. O-O Bb7 12. Bd3 Nbd7 13. c4 e5 14. Bb2 Re8
15. Rc1 Qc7 16. Bb1 Rad8 17. d5 Qc5 18. Ng3 b5 19. Qb3 Nb6 20. cxb5 Qxd5 21.
Qxd5 Rxd5 22. Rc7 Rxb5 23. Rxb7 Rxb2 24. Rxa7 g6 25. Ne4 Nxe4 26. Bxe4 Rd8 27.
a4 Rb4 28. Bc6 Rc4 29. Bb5 Rb4 30. g3 Nc4 31. Rc1 Rd4 32. Be8 Nd6 33. Ra8 Nxe8
34. Rxe8+ Kg7 35. Rxe5 Rxa4 36. Re7 Rac4 37. Rb1 Rd5 38. Rbb7 Rf5 39. Re2 g5
40. Kg2 h5 41. Reb2 Rcc5 42. h3 Rc6 43. R7b5 Rcf6 44. Rxf5 Rxf5 45. g4 Rf4 46.
f3 h4 47. Kf2 Ra4 48. Ke3 Ra1 49. Rh2 Kf6 50. Rb2 Rh1 51. f4 Rxh3+ 52. Ke4 Kg6
53. Rb5 gxf4 54. Kxf4 Ra3 55. Rg5+ Kf6 56. Rh5 h3 57. g5+ Ke6 58. Rh6+ Kd5 59.
Kg4 Ke5 60. Rxh3 Ra4+ 61. Kh5 Ra1 62. Rf3 Rh1+ 1/2-1/2

[Event "Fredericia Chess IM 2018"]
[Site "Fredericia"]
[Date "2018.05.10"]
[Round "2.3"]
[White "Sylvan, Jacob"]
[Black "Olsen, Filip Boe"]
[Result "0-1"]
[WhiteElo "2334"]
[BlackElo "2312"]
[PlyCount "96"]
[EventDate "2018.05.09"]
[EventType "tourn"]
[EventRounds "9"]
[EventCountry "DEN"]

1. e4 c6 2. d4 d5 3. e5 Bf5 4. Nf3 e6 5. Be2 Ne7 6. O-O h6 7. Nbd2 Nd7 8. Nb3
g5 9. Ne1 Qc7 10. Nd3 Ng6 11. a4 O-O-O 12. a5 a6 13. Bd2 f6 14. exf6 Bd6 15.
Ndc5 Nxf6 16. h3 Nf4 17. Bxf4 gxf4 18. Bd3 Ne4 19. Qe2 Rdg8 20. Nxe4 dxe4 21.
Bxe4 Bxh3 22. Kh1 Bg4 23. f3 h5 24. Qc4 Qe7 25. Rf2 Kb8 26. Nc5 e5 27. Nxa6+
bxa6 28. Qxc6 exd4 29. Ra4 Bc5 30. b4 Bd6 31. b5 axb5 32. Rxd4 Rh6 33. a6 Ka7
34. Rfd2 Rd8 35. Rd5 Bc5 36. Qb7+ Qxb7 37. axb7 Rxd5 38. Rxd5 Bb6 39. Rxb5 Bd7
40. Rb1 Kb8 41. c4 h4 42. Kh2 h3 43. gxh3 Ba7 44. Rd1 Bxh3 45. c5 Bf5+ 46. Kg2
Rg6+ 47. Kh2 Bxe4 48. fxe4 Bxc5 0-1

[Event "Fredericia Chess IM 2018"]
[Site "Fredericia"]
[Date "2018.05.10"]
[Round "2.4"]
[White "Nagy, Gabor"]
[Black "Fries Nielsen, Jens Ove"]
[Result "1-0"]
[WhiteElo "2478"]
[BlackElo "2375"]
[PlyCount "99"]
[EventDate "2018.05.09"]
[EventType "tourn"]
[EventRounds "9"]
[EventCountry "DEN"]

1. e4 g6 2. d4 Bg7 3. Nf3 e6 4. Nc3 d6 5. h4 h6 6. Bf4 a6 7. Qd2 b5 8. a4 b4 9.
Ne2 Nc6 10. Ng3 Rb8 11. Bc4 Nf6 12. Rd1 Nd7 13. Qe2 e5 14. dxe5 Ncxe5 15. Nxe5
Nxe5 16. Bxa6 Bd7 17. b3 O-O 18. h5 g5 19. Be3 Ng4 20. Bc1 Bc3+ 21. Bd2 Bd4 22.
O-O Qf6 23. Nf5 Bxf5 24. exf5 Ne5 25. Bc1 c5 26. Bb5 g4 27. Be3 Qxf5 28. Bd3
Qxh5 29. Be4 f5 30. Bd5+ Kh8 31. Rxd4 cxd4 32. Bf4 Rbe8 33. Qd2 d3 34. Qxb4
dxc2 35. Qxd6 Nd3 36. Bd2 Kh7 37. Qc7+ Kg6 38. Qxc2 Ne5 39. Bf4 Rf6 40. Qc7 Nd3
41. Qd7 Ref8 42. Bd6 Qg5 43. Bxf8 Rxf8 44. Bf7+ Rxf7 45. Qxd3 Kg7 46. Qd4+ Kh7
47. Qd5 Qg6 48. Re1 f4 49. Qe4 Rf5 50. Rc1 1-0

[Event "Fredericia Chess IM 2018"]
[Site "Fredericia"]
[Date "2018.05.10"]
[Round "2.5"]
[White "Heimisson, Hilmir Freyr"]
[Black "Light, Bjarne"]
[Result "1-0"]
[WhiteElo "2132"]
[BlackElo "2212"]
[PlyCount "133"]
[EventDate "2018.05.09"]
[EventType "tourn"]
[EventRounds "9"]
[EventCountry "DEN"]

1. e4 c5 2. c3 b6 3. d4 Bb7 4. Bd3 Nc6 5. Ne2 cxd4 6. cxd4 Nb4 7. Nbc3 Nxd3+ 8.
Qxd3 g6 9. Be3 Bg7 10. O-O-O Nf6 11. f3 O-O 12. g4 d6 13. g5 Nd7 14. h4 a6 15.
h5 b5 16. hxg6 hxg6 17. Kb1 b4 18. Nd5 a5 19. Nc1 e6 20. Nf4 Qe7 21. Qd2 Rfb8
22. Rh3 e5 23. Nd5 Bxd5 24. exd5 a4 25. Rdh1 f5 26. gxf6 Qxf6 27. Bh6 Qf5+ 28.
Ka1 Bf6 29. f4 a3 30. fxe5 axb2+ 31. Qxb2 Nxe5 32. Qb1 Ng4 33. Nb3 Qxb1+ 34.
Rxb1 Nxh6 35. Rxh6 Kg7 36. Rbh1 Re8 37. Rh7+ Kg8 38. R7h2 Re3 39. Kb1 Rae8 40.
Rg2 Kg7 41. Rc1 Re1 42. Rxe1 Rxe1+ 43. Kc2 g5 44. Kd3 Kg6 45. Kc4 Re4 46. Kxb4
Bxd4 47. Kb5 Be5 48. a4 Re3 49. Kc4 Rc3+ 50. Kb4 Rc8 51. a5 Kf5 52. a6 Bc3+ 53.
Kb5 Rb8+ 54. Kc4 Be5 55. Na5 g4 56. Nc6 Ra8 57. Kb5 Bf4 58. Nd4+ Ke4 59. Ne6
Kf3 60. Nxf4 Kxf4 61. Kb6 Kf3 62. Ra2 Ke4 63. Kb7 Rg8 64. Kc6 g3 65. a7 g2 66.
Rxg2 Rxg2 67. a8=Q 1-0

[Event "Fredericia Chess IM 2018"]
[Site "Fredericia"]
[Date "2018.05.10"]
[Round "3.1"]
[White "Olsen, Filip Boe"]
[Black "Nagy, Gabor"]
[Result "1/2-1/2"]
[WhiteElo "2312"]
[BlackElo "2478"]
[PlyCount "43"]
[EventDate "2018.05.09"]
[EventType "tourn"]
[EventRounds "9"]
[EventCountry "DEN"]

1. d4 Nf6 2. c4 g6 3. Nc3 Bg7 4. e4 d6 5. Nf3 O-O 6. h3 c5 7. d5 e6 8. Bd3 exd5
9. exd5 Re8+ 10. Be3 Bh6 11. O-O Bxe3 12. fxe3 Qe7 13. e4 Nbd7 14. Qd2 Rf8 15.
Rae1 Ne8 16. Qf4 f6 17. Re2 Ne5 18. Nxe5 fxe5 19. Qxf8+ Qxf8 20. Rxf8+ Kxf8 21.
g4 Ke7 22. Kg2 1/2-1/2

[Event "Fredericia Chess IM 2018"]
[Site "Fredericia"]
[Date "2018.05.10"]
[Round "3.2"]
[White "Miedema, David"]
[Black "Sylvan, Jacob"]
[Result "0-1"]
[WhiteElo "2380"]
[BlackElo "2334"]
[PlyCount "68"]
[EventDate "2018.05.09"]
[EventType "tourn"]
[EventRounds "9"]
[EventCountry "DEN"]

1. d4 d5 2. c4 e6 3. Nc3 Nf6 4. Nf3 Be7 5. Bf4 O-O 6. e3 b6 7. cxd5 Nxd5 8. Bg3
Bb7 9. Bc4 Nxc3 10. bxc3 Nd7 11. O-O Nf6 12. Nd2 c5 13. Qe2 Qd7 14. a4 Nd5 15.
Rfc1 cxd4 16. cxd4 Rfc8 17. a5 bxa5 18. Nb3 Nb6 19. Nxa5 Nxc4 20. Rxc4 Rxc4 21.
Qxc4 Bd5 22. Qa6 Rc8 23. h3 h6 24. Rb1 Rc3 25. Rb8+ Kh7 26. Qf1 Qa4 27. Qb1+ f5
28. Rb7 Bxb7 29. Qxb7 Bf6 30. Qxa7 Rc1+ 31. Kh2 Ra1 32. Bc7 Qc2 33. Qb6 Qxf2
34. Qxe6 Bh4 0-1

[Event "Fredericia Chess IM 2018"]
[Site "Fredericia"]
[Date "2018.05.10"]
[Round "3.3"]
[White "Fries Nielsen, Jens Ove"]
[Black "Madsen, Michael B"]
[Result "1/2-1/2"]
[WhiteElo "2375"]
[BlackElo "2123"]
[PlyCount "29"]
[EventDate "2018.05.09"]
[EventType "tourn"]
[EventRounds "9"]
[EventCountry "DEN"]

1. d4 Nf6 2. Nc3 d5 3. Bf4 c5 4. e3 Bg4 5. f3 Bd7 6. g4 e6 7. Nge2 Bc6 8. a3
Nbd7 9. Bg2 a6 10. O-O h6 11. Rb1 Be7 12. Bg3 O-O 13. Nf4 Rc8 14. Nd3 b5 15. b4
1/2-1/2

[Event "Fredericia Chess IM 2018"]
[Site "Fredericia"]
[Date "2018.05.10"]
[Round "3.4"]
[White "Nielsen, Viktor Haarmark"]
[Black "Heimisson, Hilmir Freyr"]
[Result "1/2-1/2"]
[WhiteElo "2340"]
[BlackElo "2132"]
[PlyCount "59"]
[EventDate "2018.05.09"]
[EventType "tourn"]
[EventRounds "9"]
[EventCountry "DEN"]

1. d4 Nf6 2. c4 e6 3. Nf3 c5 4. Nc3 cxd4 5. Nxd4 Nc6 6. Ndb5 d5 7. cxd5 Nxd5 8.
Nxd5 exd5 9. Qxd5 Bb4+ 10. Bd2 Be6 11. Qxd8+ Rxd8 12. Nc3 O-O 13. e3 Rd7 14.
O-O-O Rfd8 15. Bb5 a6 16. Bxc6 bxc6 17. Ne4 Be7 18. Ba5 Rxd1+ 19. Rxd1 Rxd1+
20. Kxd1 Bxa2 21. f3 Bc4 22. Kc2 Bf1 23. g3 Be2 24. f4 f5 25. Nc3 Bf1 26. Na2
Kf7 27. Bb4 Bf6 28. Bc3 Be7 29. Bb4 Bf6 30. Bc3 1/2-1/2

[Event "Fredericia Chess IM 2018"]
[Site "Fredericia"]
[Date "2018.05.10"]
[Round "3.5"]
[White "Light, Bjarne"]
[Black "Bruedigam, Martin"]
[Result "1/2-1/2"]
[WhiteElo "2212"]
[BlackElo "2404"]
[PlyCount "38"]
[EventDate "2018.05.09"]
[EventType "tourn"]
[EventRounds "9"]
[EventCountry "DEN"]

1. d4 Nf6 2. Nf3 e6 3. Bg5 h6 4. Bh4 d5 5. e3 Be7 6. Nbd2 b6 7. c3 Nfd7 8. Bg3
O-O 9. Bd3 Ba6 10. Bxa6 Nxa6 11. Qe2 Nab8 12. e4 c6 13. O-O Nf6 14. e5 Ne8 15.
Ne1 c5 16. f4 Nc6 17. Bf2 Nc7 18. Be3 Qc8 19. g4 Qa6 1/2-1/2

[Event "Fredericia Chess IM 2018"]
[Site "Fredericia"]
[Date "2018.05.11"]
[Round "4.1"]
[White "Olsen, Filip Boe"]
[Black "Miedema, David"]
[Result "0-1"]
[WhiteElo "2312"]
[BlackElo "2380"]
[PlyCount "86"]
[EventDate "2018.05.09"]
[EventType "tourn"]
[EventRounds "9"]
[EventCountry "DEN"]

1. d4 e6 2. Nf3 Nf6 3. Bf4 d5 4. e3 Bd6 5. Bg3 Ne4 6. Bd3 b6 7. c4 Nxg3 8. hxg3
Nd7 9. Nc3 dxc4 10. Bxc4 O-O 11. Qc2 h6 12. g4 Bb7 13. g5 Bxf3 14. gxf3 Qxg5
15. Ke2 Qe7 16. Rag1 Kh8 17. Qe4 Nf6 18. Qh4 Nh7 19. Qh5 f5 20. d5 b5 21. Bd3
b4 22. Nb5 Nf6 23. Qh3 Nxd5 24. Nd4 Rf6 25. Bc4 Raf8 26. f4 Bxf4 27. Qg2 Bxe3
28. fxe3 f4 29. Rh3 Nxe3 30. Nc6 Qf7 31. Qe4 Nxc4 32. Qxc4 e5 33. Qxf7 R8xf7
34. Rc1 e4 35. Ne5 Re7 36. Nc4 g5 37. Rg1 Kg7 38. Rb3 e3 39. Rf1 g4 40. Rg1 f3+
41. Kf1 e2+ 42. Kf2 e1=Q+ 43. Rxe1 g3+ 0-1

[Event "Fredericia Chess IM 2018"]
[Site "Fredericia"]
[Date "2018.05.11"]
[Round "4.2"]
[White "Nagy, Gabor"]
[Black "Madsen, Michael B"]
[Result "1-0"]
[WhiteElo "2478"]
[BlackElo "2123"]
[PlyCount "93"]
[EventDate "2018.05.09"]
[EventType "tourn"]
[EventRounds "9"]
[EventCountry "DEN"]

1. Nf3 Nf6 2. c4 e6 3. d4 d5 4. g3 dxc4 5. Bg2 a6 6. O-O c5 7. dxc5 Qxd1 8.
Rxd1 Bxc5 9. Ne5 Ra7 10. Nxc4 b5 11. Bf4 Nbd7 12. Nd6+ Ke7 13. Nc3 Nh5 14. Bg5+
f6 15. Nxc8+ Rxc8 16. Bd2 f5 17. e4 g6 18. Bg5+ Kf7 19. exf5 gxf5 20. Ne2 Ne5
21. Rac1 Ng4 22. Rf1 h6 23. Bd2 Rac7 24. Rce1 Rd7 25. Ba5 Nhf6 26. h3 Nxf2 27.
Rxf2 Bxf2+ 28. Kxf2 Rc2 29. Bc3 b4 30. Bxb4 Rxb2 31. a3 Rc7 32. Ke3 Rcc2 33.
Kd3 e5 34. Ba8 e4+ 35. Ke3 Rb3+ 36. Kf4 Rf3+ 37. Ke5 Nd7+ 38. Kd6 Rd3+ 39. Bd5+
Ke8 40. Nf4 Rxg3 41. Be6 Nf8 42. Bxf5 Rf2 43. Rxe4+ Kf7 44. Be1 Rxf4 45. Rxf4
Rxa3 46. Be4+ Kg7 47. Rg4+ 1-0

[Event "Fredericia Chess IM 2018"]
[Site "Fredericia"]
[Date "2018.05.11"]
[Round "4.3"]
[White "Sylvan, Jacob"]
[Black "Light, Bjarne"]
[Result "1-0"]
[WhiteElo "2334"]
[BlackElo "2212"]
[PlyCount "95"]
[EventDate "2018.05.09"]
[EventType "tourn"]
[EventRounds "9"]
[EventCountry "DEN"]

1. e4 c5 2. Nf3 Nc6 3. Bb5 e6 4. O-O Nge7 5. Re1 a6 6. Bf1 Ng6 7. d4 cxd4 8.
Nxd4 Be7 9. c4 O-O 10. Nc3 Nxd4 11. Qxd4 f5 12. exf5 Rxf5 13. Be3 Ne5 14. Rad1
Qf8 15. Na4 b5 16. Nb6 Rb8 17. Nxc8 Rxc8 18. cxb5 axb5 19. Rc1 b4 20. Rxc8 Qxc8
21. Rc1 Qa8 22. f4 Ng6 23. Qxd7 Qe4 24. Qd3 Qb7 25. g3 Rd5 26. Qe4 Qd7 27. Bc4
Rd1+ 28. Kf2 Nf8 29. Rxd1 Qxd1 30. f5 Qh5 31. Kg2 Kh8 32. fxe6 h6 33. Bd4 Qg5
34. Qf4 Qg6 35. Qe3 Qc2+ 36. Kh3 Qf5+ 37. g4 Qg6 38. Qe5 Nh7 39. Qf5 Qe8 40.
Kg2 Nf6 41. Bd3 Kg8 42. Kf2 Qb8 43. Kg2 Qa8+ 44. Qf3 Qxa2 45. Bxf6 Bxf6 46. Qc6
Qxb2+ 47. Kh3 g6 48. Qe8+ 1-0

[Event "Fredericia Chess IM 2018"]
[Site "Fredericia"]
[Date "2018.05.11"]
[Round "4.4"]
[White "Bruedigam, Martin"]
[Black "Nielsen, Viktor Haarmark"]
[Result "1/2-1/2"]
[WhiteElo "2404"]
[BlackElo "2340"]
[PlyCount "37"]
[EventDate "2018.05.09"]
[EventType "tourn"]
[EventRounds "9"]
[EventCountry "DEN"]

1. e4 c5 2. Nf3 e6 3. g3 Nc6 4. Bg2 Nf6 5. Qe2 e5 6. O-O Be7 7. d3 O-O 8. Bg5
d6 9. Nc3 Be6 10. Rae1 Rb8 11. Qd1 b5 12. Nh4 b4 13. Nd5 Ne8 14. Nxe7+ Nxe7 15.
Qa1 f6 16. Bd2 c4 17. Rd1 cxd3 18. cxd3 d5 19. d4 1/2-1/2

[Event "Fredericia Chess IM 2018"]
[Site "Fredericia"]
[Date "2018.05.11"]
[Round "4.5"]
[White "Heimisson, Hilmir Freyr"]
[Black "Fries Nielsen, Jens Ove"]
[Result "1-0"]
[WhiteElo "2132"]
[BlackElo "2375"]
[PlyCount "115"]
[EventDate "2018.05.09"]
[EventType "tourn"]
[EventRounds "9"]
[EventCountry "DEN"]

1. Nf3 e6 2. g3 g5 3. d4 g4 4. Ne5 h5 5. h3 d6 6. Nd3 gxh3 7. Bxh3 Nc6 8. c3
Nf6 9. Bg5 Be7 10. Nd2 Nd5 11. Bxe7 Qxe7 12. Bg2 Nf6 13. Qb3 d5 14. O-O-O b6
15. e4 Na5 16. Qa4+ Bd7 17. Qb4 Qxb4 18. Nxb4 c5 19. dxc5 bxc5 20. Nd3 Rc8 21.
Bf3 Ke7 22. Rh4 Bb5 23. Nf4 d4 24. Nxh5 Nd7 25. Nf4 Rxh4 26. gxh4 Ne5 27. Rg1
Rh8 28. h5 Nac4 29. Be2 Nxd2 30. Kxd2 d3 31. Bd1 Bc6 32. b3 Bxe4 33. Re1 Nf3+
34. Bxf3 Bxf3 35. Kxd3 Bxh5 36. Re5 Bf3 37. Rxc5 Kd6 38. Ra5 e5 39. Ra6+ Bc6
40. Ne2 Rh3+ 41. Kd2 Rh2 42. b4 Kc7 43. Rxa7+ Bb7 44. Ra5 f6 45. Ke3 Kd6 46. c4
f5 47. f4 Rh3+ 48. Kd2 e4 49. Rxf5 Ra3 50. c5+ Kc7 51. Rf7+ Kb8 52. Re7 Rxa2+
53. Ke3 Ra3+ 54. Kd4 Rd3+ 55. Kc4 Bd5+ 56. Kb5 Kc8 57. c6 Rd2 58. Nc3 1-0

[Event "Fredericia Chess IM 2018"]
[Site "Fredericia"]
[Date "2018.05.11"]
[Round "5.1"]
[White "Miedema, David"]
[Black "Nagy, Gabor"]
[Result "1/2-1/2"]
[WhiteElo "2380"]
[BlackElo "2478"]
[PlyCount "20"]
[EventDate "2018.05.09"]
[EventType "tourn"]
[EventRounds "9"]
[EventCountry "DEN"]

1. d4 Nf6 2. c4 c6 3. Nf3 d5 4. e3 e6 5. Nbd2 Nbd7 6. Bd3 Bd6 7. O-O O-O 8. e4
dxe4 9. Nxe4 Nxe4 10. Bxe4 Nf6 1/2-1/2

[Event "Fredericia Chess IM 2018"]
[Site "Fredericia"]
[Date "2018.05.11"]
[Round "5.2"]
[White "Nielsen, Viktor Haarmark"]
[Black "Sylvan, Jacob"]
[Result "1/2-1/2"]
[WhiteElo "2340"]
[BlackElo "2334"]
[PlyCount "61"]
[EventDate "2018.05.09"]
[EventType "tourn"]
[EventRounds "9"]
[EventCountry "DEN"]

1. e4 c5 2. Nf3 e6 3. d4 cxd4 4. Nxd4 Nc6 5. Nc3 Qc7 6. Be3 a6 7. Qf3 Nf6 8.
O-O-O Ne5 9. Qg3 b5 10. f4 Neg4 11. Bg1 b4 12. Na4 h5 13. e5 Nd5 14. h3 Nh6 15.
Bd3 Bb7 16. Be4 g6 17. Qf3 Nf5 18. Nxf5 gxf5 19. Bxd5 Bxd5 20. Rxd5 exd5 21.
Nb6 Rb8 22. Nxd5 Qc6 23. Bf2 Be7 24. Rd1 Rc8 25. Qd3 Rg8 26. Nxe7 Kxe7 27. Bh4+
Kf8 28. Bg5 Rg6 29. Qxf5 Qc5 30. Rxd7 Qe3+ 31. Kd1 1/2-1/2

[Event "Fredericia Chess IM 2018"]
[Site "Fredericia"]
[Date "2018.05.11"]
[Round "5.3"]
[White "Madsen, Michael B"]
[Black "Heimisson, Hilmir Freyr"]
[Result "1/2-1/2"]
[WhiteElo "2123"]
[BlackElo "2132"]
[PlyCount "71"]
[EventDate "2018.05.09"]
[EventType "tourn"]
[EventRounds "9"]
[EventCountry "DEN"]

1. e4 c5 2. Nf3 d6 3. d4 cxd4 4. Qxd4 Nc6 5. Qe3 g6 6. Be2 Bh6 7. Qc3 Qa5 8.
Bxh6 Nxh6 9. Qxa5 Nxa5 10. Nc3 O-O 11. Nd5 Nc6 12. Bb5 e6 13. Bxc6 bxc6 14.
Ne7+ Kg7 15. Nxc8 Rfxc8 16. O-O-O d5 17. exd5 cxd5 18. Rd4 Nf5 19. Ra4 Rc5 20.
c3 Rac8 21. Rxa7 d4 22. Ra3 e5 23. Kb1 R8c7 24. Rd1 dxc3 25. Rxc3 Rxc3 26. bxc3
e4 27. Ng5 e3 28. fxe3 Nxe3 29. Rd2 Nf1 30. Rd3 Nxh2 31. Rh3 Ng4 32. Rxh7+ Kf6
33. Ne4+ Ke5 34. Nd2 Rxc3 35. Rxf7 Rg3 36. Nf3+ 1/2-1/2

[Event "Fredericia Chess IM 2018"]
[Site "Fredericia"]
[Date "2018.05.11"]
[Round "5.4"]
[White "Light, Bjarne"]
[Black "Olsen, Filip Boe"]
[Result "0-1"]
[WhiteElo "2212"]
[BlackElo "2312"]
[PlyCount "150"]
[EventDate "2018.05.09"]
[EventType "tourn"]
[EventRounds "9"]
[EventCountry "DEN"]

1. d4 d5 2. Bf4 Nf6 3. e3 c5 4. c3 Nc6 5. Nd2 Bf5 6. Qb3 Qc8 7. Ngf3 e6 8. Nh4
Bg4 9. h3 Bh5 10. g4 Bg6 11. Nxg6 hxg6 12. Bg2 Qd7 13. O-O Bd6 14. Bxd6 Qxd6
15. f4 O-O 16. Qa3 b6 17. Nf3 Rfc8 18. Ne5 Qc7 19. Rf2 cxd4 20. exd4 b5 21. Qb3
Rab8 22. Qd1 Ne7 23. a3 a5 24. Nd3 Nd7 25. Rc1 Qd6 26. b4 axb4 27. axb4 Ra8 28.
Nc5 Nb6 29. Bf1 Nc4 30. Qf3 Ra3 31. h4 Rca8 32. Rcc2 Ra1 33. Qh3 Re1 34. Nd3
Re3 35. Rf3 Rxf3 36. Qxf3 Ra1 37. Rf2 Qc7 38. Kg2 Nc8 39. f5 exf5 40. gxf5 gxf5
41. Nf4 Qe7 42. Nxd5 Qxh4 43. Qxf5 N8d6 44. Qf4 Qh5 45. Ne3 Nxe3+ 46. Qxe3 Qg4+
47. Kh2 Ne4 48. Rg2 Qf5 49. Rg1 Ra2+ 50. Rg2 Ra1 51. Rg1 Nf6 52. Bh3 Qc2+ 53.
Kh1 Ra2 54. Rg2 Ra1+ 55. Rg1 Qe4+ 56. Qxe4 Rxg1+ 57. Kxg1 Nxe4 58. c4 bxc4 59.
Bf1 Nd6 60. Kf2 f5 61. Ke3 Kf7 62. d5 g5 63. b5 Nxb5 64. Bxc4 Nd6 65. Bd3 Kf6
66. Kd4 f4 67. Be2 Nf5+ 68. Kc5 Ke5 69. Bf3 Nd6 70. Bg4 Ne4+ 71. Kc6 Nd6 72.
Bf3 Nf5 73. Kc5 Nd4 74. d6 Nxf3 75. d7 Nd4 0-1

[Event "Fredericia Chess IM 2018"]
[Site "Fredericia"]
[Date "2018.05.12"]
[Round "6.1"]
[White "Nagy, Gabor"]
[Black "Heimisson, Hilmir Freyr"]
[Result "1-0"]
[WhiteElo "2478"]
[BlackElo "2132"]
[PlyCount "79"]
[EventDate "2018.05.09"]
[EventType "tourn"]
[EventRounds "9"]
[EventCountry "DEN"]

1. Nf3 c5 2. c4 Nc6 3. Nc3 Nd4 4. e3 Nxf3+ 5. Qxf3 g6 6. g3 Bg7 7. Bg2 d6 8.
O-O Nf6 9. d4 O-O 10. h3 Qc7 11. b3 a6 12. Bb2 Rb8 13. Qe2 Bd7 14. Rac1 Bc6 15.
d5 Bd7 16. e4 b5 17. Nd1 bxc4 18. bxc4 Nh5 19. Re1 Qa5 20. Bxg7 Nxg7 21. f4 Rb7
22. Nf2 Rfb8 23. Nd3 Qa3 24. g4 f5 25. gxf5 gxf5 26. e5 Be8 27. Bf3 a5 28. Kh1
a4 29. Qd2 Rb2 30. Rc2 Rxc2 31. Qxc2 Nh5 32. Rg1+ Kh8 33. Qd2 Nxf4 34. Qxf4
Qxd3 35. exd6 exd6 36. Bg2 Bg6 37. Qxd6 Re8 38. Qf6+ Kg8 39. d6 Qxc4 40. d7 1-0